|
|
|
|
| LEADER |
01492nam a2200241 a 4500 |
| 001 |
3246546 |
| 008 |
090906s1980 cau 001 0 eng d |
| 010 |
|
|
|a \\\80081896
|
| 020 |
|
|
|a 0875898009 (pbk.) :
|c $6.95 pre-paid ($7.95 when billed)
|
| 040 |
|
|
|a DLC
|c DLC
|d DLC
|
| 082 |
0 |
0 |
|a 155.4/13
|2 19
|
| 245 |
0 |
0 |
|a Children's memory /
|c Marion Perlmutter, guest editor.
|
| 260 |
|
|
|a San Francisco :
|b Jossey-Bass,
|c 1980.
|
| 300 |
|
|
|a viii, 107 p. ;
|c 24 cm.
|
| 490 |
0 |
|
|a New directions for child development,
|x 0195-2269 ;
|v no. 10
|
| 504 |
|
|
|a Includes bibliographies and index.
|
| 505 |
0 |
|
|a Infant memory in everyday life / Daniel H. Ashmead, Marion Perlmutter -- Naturalistic studies of memory for object location in very young children / Judy S. DeLoache -- Quasi-naturalistic tasks in the study of cognition ... / Henry M. Wellman, Susan C. Somerville -- The role of social context in memory development / Hilary Horn Ratner -- Reality recalled by preschool children / Christine M. Todd, Marion Perlmutter -- The generalities and specifics of long-term memory in infants and young children / Katherine Nelson, Gail Ross.
|
| 541 |
1 |
|
|e 00002342
|
| 650 |
|
0 |
|a Memory in children.
|
| 700 |
1 |
|
|a Perlmutter, Marion.
|
| 852 |
4 |
|
|a Ayesha Abed Library
|j General shelf
|
| 999 |
|
|
|c 4058
|d 4058
|
| 952 |
|
|
|0 0
|1 0
|2 ddc
|4 0
|6 155_413000000000000_CHI_1980
|7 0
|9 3737
|a BRACUL
|b BRACUL
|c GEN
|d 2009-10-03
|g 0.00
|l 1
|o 155.413 CHI
|p 3010002342
|r 2019-02-19
|s 2019-02-17
|t 1
|w 2009-10-03
|y BK
|x No price found in the accession register.
|